[Event "Cheliabinsk Lozovatsky Memorial-A"]
[Site "Cheliabinsk"]
[Date "2023.02.01"]
[Round "6"]
[White "Vlasenko, Miroslav"]
[Black "Akhtariev, Andrey"]
[Result "1/2-1/2"]
[WhiteElo "2356"]
[BlackElo "2192"]
[PlyCount "153"]
[EventDate "2023.01.27"]
[EventType "swiss"]
[EventRounds "10"]
[EventCountry "RUS"]
[SourceTitle "CBM 212 Extra"]
[Source "ChessBase"]
[SourceDate "2023.03.31"]
[SourceVersion "1"]
[SourceVersionDate "2023.03.31"]
[SourceQuality "1"]

1. d4 e6 2. Nf3 c5 3. c3 Nc6 4. e4 d5 5. Nbd2 dxe4 6. Nxe4 cxd4 7. cxd4 Bb4+ 8. Bd2 Be7 9. Bd3 Nf6 10. 0-0 0-0 11. Qe2 Nd5 12. Rad1 b6 13. Rfe1 Bb7 14. Neg5 g6 15. Qe4 Nf6 16. Qh4 Nb4 17. Bxb4 Bxb4 18. Re3 Nh5 19. Qh3 Kg7 20. Be4 Bxe4 21. Nxe4 Be7 22. Nc3 Nf4 23. Qg3 Nd5 24. Nxd5 Qxd5 25. h4 Rac8 26. a3 Bd6 27. Qg5 Qxg5 28. hxg5 Rc2 29. d5 exd5 30. b4 Rd8 31. g3 Bf8 32. Red3 a5 33. Nd4 Rc4 34. b5 Bc5 35. Nc6 Re8 36. Rxd5 Re2 37. Nd4 Rb2 38. Rd7 Bxd4 39. R1xd4 Rxd4 40. Rxd4 Rxb5 41. Rd6 Kf8 42. Kg2 Ke7 43. Rc6 Rb3 44. a4 Rb4 45. f4 Rxa4 46. Rxb6 Rb4 47. Ra6 a4 48. Ra7+ Ke6 49. Kh3 Rc4 50. Kg4 Kd6 51. Rxf7 Rc7 52. Rf6+ Kc5 53. f5 Rg7 54. Rf8 gxf5+ 55. Rxf5+ Kb4 56. Rf4+ Kb3 57. Rf3+ Kc2 58. Rf2+ Kc3 59. Rf3+ Kd2 60. Rf2+ Ke3 61. Rf3+ Ke2 62. Ra3 Ra7 63. Kh5 Ra6 64. g4 Kd2 65. g6 hxg6+ 66. Kh6 Kc2 67. g5 Kb2 68. Rxa4 Rxa4 69. Kxg6 Kc3 70. Kf6 Kd4 71. g6 Ra6+ 72. Kf7 Ra7+ 73. Kf6 Ra6+ 74. Kf7 Ke5 75. g7 Ra7+ 76. Kg6 Rxg7+ 77. Kxg7 1/2-1/2

[Event "Cheliabinsk Lozovatsky Memorial-A"]
[Site "Cheliabinsk"]
[Date "2023.01.28"]
[Round "2"]
[White "Potapov, Alexander1111"]
[Black "Akhtariev, Andrey"]
[Result "1-0"]
[WhiteElo "2425"]
[BlackElo "2192"]
[PlyCount "47"]
[EventDate "2023.01.27"]
[EventType "swiss"]
[EventRounds "10"]
[EventCountry "RUS"]
[SourceTitle "CBM 212 Extra"]
[Source "ChessBase"]
[SourceDate "2023.03.31"]
[SourceVersion "1"]
[SourceVersionDate "2023.03.31"]
[SourceQuality "1"]

1. e4 c5 2. Nf3 e6 3. g3 Nc6 4. Bg2 e5 5. 0-0 g6 6. c3 Bg7 7. Na3 Nge7 8. d4 cxd4 9. cxd4 Nxd4 10. Nxd4 exd4 11. Bf4 a6 12. Rc1 d5 13. Bc7 Qd7 14. exd5 Nxd5 15. Re1+ Kf8 16. Qb3 Ne7 17. Bf4 Qd8 18. Rc7 Bf6 19. Bh6+ Kg8 20. Rcxe7 Bxe7 21. Bd5 Qe8 22. Nc4 Be6 23. Rxe6 Rd8 24. Ne5 1-0

[Event "RUS-ch U20"]
[Site "Loo"]
[Date "2021.04.22"]
[Round "2"]
[White "Akhtariev, Andrey"]
[Black "Babanin, Gleb"]
[Result "1-0"]
[WhiteElo "2190"]
[BlackElo "2123"]
[PlyCount "85"]
[EventDate "2021.04.21"]
[EventType "swiss"]
[EventRounds "9"]
[EventCountry "RUS"]
[SourceTitle "CBM 202 Extra"]
[Source "ChessBase"]
[SourceDate "2021.07.31"]
[SourceVersion "1"]
[SourceVersionDate "2021.07.31"]
[SourceQuality "1"]

1. e4 c5 2. c4 Nc6 3. Nc3 d6 4. g3 g6 5. Bg2 Bg7 6. Nge2 Nf6 7. 0-0 0-0 8. h3 Rb8 9. f4 Nd7 10. d3 Nd4 11. Rb1 b5 12. Kh2 Nxe2 13. Nxe2 bxc4 14. dxc4 Qa5 15. a3 Qb6 16. b3 Bb7 17. Qc2 Bc6 18. Be3 Qa6 19. a4 Rb6 20. Bd2 Qb7 21. a5 Ra6 22. g4 e6 23. Ng3 d5 24. b4 dxc4 25. b5 Bxb5 26. e5 Rc6 27. Ne4 c3 28. Bxc3 Qa6 29. Rfd1 Rc7 30. Rd6 Bc6 31. Nf6+ Bxf6 32. exf6 Qc8 33. Bf1 Ba8 34. Qd2 Kh8 35. Ba6 Qe8 36. Bb5 Qb8 37. Rb2 Qb7 38. Bxd7 Qh1+ 39. Kg3 h5 40. f5 Kh7 41. Qe3 Rg8 42. fxe6 g5 43. exf7 1-0

[Event "RUS-ch blitz"]
[Site "Sochi"]
[Date "2019.10.17"]
[Round "1"]
[White "Golubov, Saveliy"]
[Black "Akhtariev, Andrey"]
[Result "1-0"]
[WhiteElo "2469"]
[BlackElo "2160"]
[PlyCount "79"]
[EventDate "2019.10.17"]
[EventType "swiss (blitz)"]
[EventRounds "15"]
[EventCountry "RUS"]
[SourceTitle "CBM 192 Extra"]
[Source "Chessbase"]
[SourceDate "2019.11.06"]
[SourceVersion "1"]
[SourceVersionDate "2019.11.06"]
[SourceQuality "1"]

1. d4 Nf6 2. Nf3 e6 3. Bf4 b6 4. e3 Bb7 5. Nbd2 d6 6. Bd3 Nbd7 7. 0-0 c5 8. h3 Be7 9. Bh2 0-0 10. a4 Re8 11. c3 Bf8 12. e4 e5 13. dxe5 dxe5 14. Qe2 Qc7 15. Nc4 Rad8 16. Rfd1 g6 17. Bc2 Ba6 18. Bb3 Bg7 19. Qe1 Re7 20. Ncxe5 Nxe5 21. Rxd8+ Qxd8 22. Nxe5 Qe8 23. Bxf7+ Rxf7 24. Nxf7 Qxf7 25. Rd1 Qe8 26. e5 Nd7 27. e6 Nf6 28. Bg3 Bc4 29. e7 Kf7 30. Bd6 Qxa4 31. Rd2 Ne8 32. Qe3 Bb3 33. Qf3+ Bf6 34. Be5 Kxe7 35. Re2 Qa1+ 36. Kh2 Bxe5+ 37. Rxe5+ Kd6 38. Rxe8 Qxb2 39. Qf6+ Kd5 40. c4+ 1-0

[Event "Eurasia Cup op"]
[Site "Ekaterinburg"]
[Date "2019.08.03"]
[Round "4"]
[White "Akhtariev, Andrey"]
[Black "Tanygin, Valerij"]
[Result "1-0"]
[WhiteElo "2243"]
[BlackElo "1938"]
[PlyCount "83"]
[EventDate "2019.07.31"]
[EventType "swiss"]
[EventRounds "9"]
[EventCountry "RUS"]
[SourceTitle "CBM 191 Extra"]
[Source "ChessBase"]
[SourceDate "2019.09.30"]
[SourceVersion "1"]
[SourceVersionDate "2019.09.30"]
[SourceQuality "1"]

1. c4 e5 2. Nc3 Nf6 3. e4 Bc5 4. g3 d6 5. h3 Be6 6. Nf3 Nc6 7. d3 h6 8. Bg2 Qd7 9. Nd5 Nd4 10. Bd2 a5 11. g4 Ng8 12. Nxd4 Bxd4 13. Qb3 Qc8 14. a4 Ra6 15. Rb1 c6 16. Nc3 Ne7 17. Ne2 Bc5 18. f4 Rb6 19. Qc2 Bb4 20. f5 Bd7 21. Nc3 f6 22. h4 d5 23. Na2 Bxd2+ 24. Qxd2 dxc4 25. dxc4 c5 26. Nc3 Rb4 27. b3 Nc6 28. Qd6 Ne7 29. Na2 Qc6 30. Qb8+ Qc8 31. Qa7 Qc7 32. Nxb4 axb4 33. Rd1 Nc8 34. Qa8 0-0 35. 0-0 Bc6 36. a5 Rd8 37. Rxd8+ Qxd8 38. a6 Qc7 39. a7 Kh7 40. Qb8 Qd7 41. a8Q Qd4+ 42. Kh1 1-0

[Event "Eurasia Cup op"]
[Site "Ekaterinburg"]
[Date "2019.08.01"]
[Round "2"]
[White "Akhtariev, Andrey"]
[Black "Vokhidov, Shamsiddin"]
[Result "0-1"]
[WhiteElo "2243"]
[BlackElo "2515"]
[PlyCount "80"]
[EventDate "2019.07.31"]
[EventType "swiss"]
[EventRounds "9"]
[EventCountry "RUS"]
[SourceTitle "CBM 191 Extra"]
[Source "ChessBase"]
[SourceDate "2019.09.30"]
[SourceVersion "1"]
[SourceVersionDate "2019.09.30"]
[SourceQuality "1"]

1. Nc3 d5 2. d4 Nf6 3. Bf4 a6 4. e3 e6 5. Nf3 c5 6. Be2 Nc6 7. 0-0 b5 8. dxc5 Bxc5 9. a4 b4 10. Nb1 0-0 11. Nbd2 Bb7 12. Rc1 Qe7 13. Bg5 h6 14. Bh4 Rfd8 15. c3 bxc3 16. bxc3 Na5 17. Qc2 Rac8 18. Rfd1 Bb4 19. c4 dxc4 20. Nxc4 Bd5 21. Bxf6 gxf6 22. Rd4 f5 23. Rcd1 Nxc4 24. Bxc4 Rxc4 25. Rxc4 Bxc4 26. Rxd8+ Qxd8 27. Qxc4 Qd1+ 28. Qf1 Qxa4 29. g3 Bc3 30. Qd3 Bf6 31. Kg2 Kg7 32. Nd2 Qc6+ 33. e4 a5 34. Kh3 a4 35. exf5 Qd5 36. Qe2 Qxf5+ 37. Kg2 Qd5+ 38. f3 Qa2 39. Qd3 a3 40. Kh3 Qd5 0-1

[Event "Nezhmetdinov Memorial rapid 41st"]
[Site "Kazan"]
[Date "2019.05.29"]
[Round "1"]
[White "Akhtariev, Andrey"]
[Black "Timofeev, Artyom"]
[Result "0-1"]
[WhiteElo "2143"]
[BlackElo "2602"]
[PlyCount "113"]
[EventDate "2019.05.29"]
[EventType "swiss (rapid)"]
[EventRounds "11"]
[EventCountry "RUS"]
[SourceTitle "CBM 190 Extra"]
[Source "ChessBase"]
[SourceDate "2019.07.15"]
[SourceVersion "1"]
[SourceVersionDate "2019.07.15"]
[SourceQuality "1"]

1. e4 c5 2. Nf3 d6 3. d4 cxd4 4. Nxd4 Nf6 5. Nc3 e6 6. Be2 Nc6 7. Be3 Be7 8. 0-0 0-0 9. Qe1 e5 10. Nb3 a5 11. Rd1 a4 12. Nc1 a3 13. bxa3 Rxa3 14. Nb3 Be6 15. f4 exf4 16. Bxf4 Qb6+ 17. Kh1 Ne5 18. Qg3 Nfd7 19. Be3 Qd8 20. Bd4 Bh4 21. Qf4 Bg5 22. Qg3 Qe7 23. Bd3 Bh4 24. Qf4 Bf6 25. Rfe1 Rc8 26. Nd5 Bxd5 27. exd5 Rxa2 28. Qf5 g6 29. Qf1 Bg7 30. Ra1 Rxa1 31. Bxa1 Qh4 32. g3 Qh5 33. Qg2 Nxd3 34. cxd3 Bxa1 35. Rxa1 Nf6 36. Na5 Nxd5 37. Nc4 b5 38. Nxd6 Qe5 39. Nxc8 Qxa1+ 40. Qg1 Qc3 41. Nd6 Qc6 42. Ne4 f5 43. Qc5 Qxc5 44. Nxc5 Kf7 45. Nb3 b4 46. Kg2 Ke6 47. Kf3 h5 48. h3 g5 49. Kf2 Ke5 50. Ke2 f4 51. Kf3 fxg3 52. Kxg3 Nf4 53. h4 g4 54. Nc1 Ne6 55. Nb3 Nd4 56. Na5 Nf5+ 57. Kf2 0-1

[Event "Nezhmetdinov Memorial 39th"]
[Site "Kazan"]
[Date "2017.06.08"]
[Round "9"]
[White "Kharmunova, Nadezhda"]
[Black "Akhtariev, Andrey"]
[Result "1-0"]
[WhiteElo "2137"]
[BlackElo "2008"]
[PlyCount "89"]
[EventDate "2017.05.31"]
[EventType "swiss"]
[EventRounds "9"]
[EventCountry "RUS"]
[SourceTitle "EXT 2018"]
[Source "ChessBase"]
[SourceDate "2017.10.13"]
[SourceVersion "1"]
[SourceVersionDate "2017.10.13"]
[SourceQuality "1"]

1. d4 Nf6 2. c4 e6 3. Nc3 Bb4 4. Nf3 b6 5. g3 Bb7 6. Bg2 0-0 7. 0-0 c5 8. a3 Bxc3 9. bxc3 d6 10. d5 Qe7 11. Nh4 Nbd7 12. Bf4 Ne5 13. Bxe5 dxe5 14. e4 Rfd8 15. Re1 Qc7 16. g4 Ne8 17. g5 Qe7 18. Qg4 Bc8 19. Re3 f6 20. gxf6 Qxf6 21. Rf3 Qe7 22. Qg3 Nd6 23. Re1 Nxc4 24. Bf1 Nd2 25. Rfe3 Nxf1 26. Rxf1 exd5 27. exd5 Rxd5 28. Rfe1 Bb7 29. c4 Rd7 30. Rxe5 Qf7 31. Nf5 Kh8 32. Re7 Rxe7 33. Rxe7 Rd8 34. f3 Qf6 35. Rxb7 Rd1+ 36. Kg2 Rd2+ 37. Kf1 h6 38. Qxg7+ Qxg7 39. Rxg7 Rd3 40. Kf2 Rxa3 41. Rb7 Ra2+ 42. Kg3 Rc2 43. Ne3 Re2 44. Nd5 Rc2 45. Nf6 1-0